000 00311nam a22001337a 4500
008 170327b xxu||||| |||| 00| 0 eng d
020 _a9781437701517
041 _aeng
080 _26TH
_a615.83
100 _a8
101 _aSHM
245 _aPHYSICAL EXAMINATION & HEALTH ASSESSMENT
_cJARVIS
942 _2udc
_cBK
999 _c8695
_d8695